The cat collection / (Record no. 587)
[ view plain ]
| 000 -LEADER | |
|---|---|
| fixed length control field | 01165cam a22002654a 4500 |
| 005 - DATE AND TIME OF LATEST TRANSACTION | |
| control field | 20230620084748.0 |
| 020 ## - INTERNATIONAL STANDARD BOOK NUMBER | |
| International Standard Book Number | 1568461607 (alk. paper) |
| 040 ## - CATALOGING SOURCE | |
| Original cataloging agency | DLC |
| Transcribing agency | DLC |
| Language of cataloging | eng |
| Modifying agency | FISKH |
| 050 00 - LIBRARY OF CONGRESS CALL NUMBER | |
| Classification number | NC293.D44 |
| Item number | A4 1999 |
| 082 00 - DEWEY DECIMAL CLASSIFICATION NUMBER | |
| Classification number | 700/.4629752 |
| Edition number | 21 |
| 100 1# - MAIN ENTRY--PERSONAL NAME | |
| Personal name | Delessert, Etienne. |
| 245 14 - TITLE STATEMENT | |
| Title | The cat collection / |
| Statement of responsibility, etc. | [illustrated by] Etienne Delessert. |
| 260 ## - PUBLICATION, DISTRIBUTION, ETC. | |
| Place of publication, distribution, etc. | Mankato, MN : |
| Name of publisher, distributor, etc. | Creative Editions, |
| Date of publication, distribution, etc. | 1999. |
| 300 ## - PHYSICAL DESCRIPTION | |
| Extent | 3 leaves of plates, 20 unnumbered pages : |
| Other physical details | color illustrations ; |
| Dimensions | 21 cm |
| 505 ## - FORMATTED CONTENTS NOTE | |
| Formatted contents note | F |
| 520 ## - SUMMARY, ETC. | |
| Summary, etc. | In this brilliantly crafted volume, award winning illustrator Etienne Delessert celebrated felines, with all of thier charm and mystery. Stunning full-color illustrations combines with prose to call upon the words of William Blake, Rudyard Kipling and Pablo Neruda, to create a book that you'll want to pick up again and again. A great gift for any cat lover. |
| 521 ## - TARGET AUDIENCE NOTE | |
| Target audience note | 370 <br/> |
| Source | Lexile |
| 521 ## - TARGET AUDIENCE NOTE | |
| Target audience note | F <br/> |
| Source | Raz-Plus |
| 650 #0 - SUBJECT ADDED ENTRY--TOPICAL TERM | |
| Topical term or geographic name entry element | Cats in art. |
| 650 #0 - SUBJECT ADDED ENTRY--TOPICAL TERM | |
| Topical term or geographic name entry element | Cats |
| General subdivision | Quotations, maxims, etc. |
| 906 ## - LOCAL DATA ELEMENT F, LDF (RLIN) | |
| a | 7 |
| b | cbc |
| c | orignew |
| d | 1 |
| e | ocip |
| f | 19 |
| g | y-gencatlg |
| 942 ## - ADDED ENTRY ELEMENTS (KOHA) | |
| Source of classification or shelving scheme | Dewey Decimal Classification |
| Koha item type | Books |
| Suppress in OPAC | No |
| 999 ## - | |
| -- | 587 |
| -- | 587 |
| Withdrawn status | Lost status | Source of classification or shelving scheme | Damaged status | Not for loan | Home library | Current library | Shelving location | Date acquired | Total Checkouts | Full call number | Barcode | Date last seen | Date last checked out | Price effective from | Koha item type |
|---|---|---|---|---|---|---|---|---|---|---|---|---|---|---|---|
| Dewey Decimal Classification | Footprints International School Library Network Toul Kork Campus | Footprints International School Library Network Toul Kork Campus | 06/20/2023 | 2 | DEL 700.4629752 NC293.D44 | 2023-0109 | 01/11/2024 | 11/16/2023 | 06/20/2023 | Books |
